| 000 | 00422ntaaa2200181 4500 | ||
|---|---|---|---|
| 003 | 01 | ||
| 005 | 20251027203137.0 | ||
| 008 | 0714s1973 ag 01 | ||
| 040 |
_aAR-BaBN _bspa _cAR-BaBN _eaacr _dRIC |
||
| 082 | _a780.7700 W41 | ||
| 100 |
_aWedge _932868 |
||
| 245 | _aEar training and sight singing | ||
| 250 | _a1 ed. | ||
| 260 |
_as.l., _cn.f. |
||
| 500 | _a(tambiƩn: 781.1400 W41e) | ||
| 650 | _aMusica | ||
| 942 | _cBK | ||
| 999 |
_c26805 _d26805 |
||